| 000 | 01101nas a2200373 4500 | ||
|---|---|---|---|
| 001 | BR0502389 | ||
| 003 | BR-BrBNA | ||
| 005 | 20231205105346.0 | ||
| 007 | ta | ||
| 008 | 230509b bl.|||p| |||| 00| 00por d | ||
| 040 |
_aBR-BrBNA _bpor _cBiblioteca Nacional de Agricultura |
||
| 041 | _a(Pt) | ||
| 072 | _aF02; F60 | ||
| 100 | 1 | _aCerqueira, E.C. | |
| 100 | 1 | _aCastro Neto, M.T. de | |
| 100 | 1 | _aPeixoto, C.P. | |
| 100 | 1 | _aSoares Filho, W. dos S. | |
| 100 | 1 | _aLedo, C.A. da S. | |
| 100 | 1 | _aOliveira, J.G. de | |
| 245 | 1 | _aResposta de porta-enxertos de citros ao déficit hídrico | |
| 650 | _aLIMÃO CRAVO | ||
| 650 | _aLIMOEIRO TRIFOLIADO | ||
| 650 | _aLARANJA AZÊDA | ||
| 650 | _aESTUFA | ||
| 650 | _aPORTA ENXERTO | ||
| 650 | _aDEFICIÊNCIA HÍDRICA | ||
| 650 | _aRESISTÊNCIA À SÊCA | ||
| 650 | _aRESPOSTA DA PLANTA | ||
| 650 | _aMELHORAMENTO VEGETAL | ||
| 650 | _aBAHIA | ||
| 773 | 0 |
_tRevista Brasileira de Fruticultura (Brazil) _xISSN 0100-2945 _g(Dec 2004), v. 26(3) p. 515-519 _wBR0502389 |
|
| 909 |
_a202311 _bLúcia _c55 _dLúcia Elande |
||
| 942 |
_2AGRIS _n0 _cANA |
||
| 999 |
_c182545 _d182545 |
||